Die Nachtfahrt der Sonne : eine altägyptische Beschreibung des Jenseits /

محفوظ في:

المؤلف الرئيسي: Hornung, Erik (مؤلف)

التنسيق: كتاب

اللغة: German

منشور في: Zürich : Artemis and Winkler, c1991.

الموضوعات:

الوسوم: إضافة وسم

لا توجد وسوم, كن أول من يضع وسما على هذه التسجيلة!

رقم الطلب: BL2450 .F83 H67 1991

LEADER 00908namaa2200265 4500
001 11877
003 OSt
005 20240717121527.0
008 130303s1991 sz a b 001 0 ger d
952 |0 0  |1 0  |2 lcc  |4 0  |6 BL2450 F83 H67 01991  |7 1  |9 12802  |a ARCE  |b ARCE  |d 2021-05-29  |l 0  |o BL2450 .F83 H67 1991  |p 1009733  |r 2021-05-29 00:00:00  |w 2021-05-29  |y BK 
999 |c 12165  |d 12165 
010 |a 92173040 
020 |a 3760810365 
040 |c ARCE Library 
043 |a f-ua--- 
050 4 |a BL2450 .F83 H67 1991 
100 1 |a Hornung, Erik,  |e author  |9 32271 
245 1 4 |a Die Nachtfahrt der Sonne :   |b eine altägyptische Beschreibung des Jenseits /   |c Erik Hornung. 
264 1 |a Zürich :  |b Artemis and Winkler,  |c c1991. 
300 |a 238 pages :  |b illustrations ;  |c 22 cm. 
504 |a Includes bibliographical references and index. 
650 0 |a Future life. 
651 0 |a Egypt  |x Religion. 
901 |a reviewed 
942 |c BK  |2 lcc